书目信息 |
| 题名: |
完美的计划
|
|
| 作者: | 阎峻峰 著 | |
| 分册: | ||
| 出版信息: | 北京 社会科学文献出版社 2016.03 |
|
| 页数: | 222页 | |
| 开本: | 24cm | |
| 丛书名: | ||
| 单 册: | ||
| 中图分类: | G639.712.8 | |
| 科图分类: | ||
| 主题词: | 高中--留学教育--概况--美国 , 高中--介绍--美国 | |
| 电子资源: | ||
| ISBN: | 978-7-5097-8584-3 | |
| 000 | 01121nam0 2200289 450 | |
| 001 | 0120161769888 | |
| 005 | 20160512150859.78 | |
| 010 | @a978-7-5097-8584-3@dCNY32.00 | |
| 100 | @a20160216d2016 em y0chiy50 ea | |
| 101 | 0 | @achi |
| 102 | @aCN@b110000 | |
| 105 | @aa z 000yy | |
| 106 | @ar | |
| 200 | 1 | @a完美的计划@9wan mei de ji hua@e用一年申请美国高中@f阎峻峰著 |
| 210 | @a北京@c社会科学文献出版社@d2016.03 | |
| 215 | @a222页@c图@d24cm | |
| 312 | @a封面英文题名:A perfect plan apply for American high school in one year | |
| 330 | @a本书主要内容包括:决定高申、考试准备、SSAT培训、渐入佳境、首考TOEFL、准备赴美、夏令营生活、初考SSAT、再考TOEFL、美国面试、最后冲刺、填写表格和拿到Offer以后共十三章。 | |
| 333 | @a广大学生及家长 | |
| 510 | 1 | @aPerfect plan@eapply for American high school in one year@zeng |
| 517 | 1 | @a用一年申请美国高中@9yong yi nian shen qing mei guo gao zhong |
| 606 | 0 | @a高中@x留学教育@x概况@y美国 |
| 606 | 0 | @a高中@x介绍@y美国 |
| 690 | @aG639.712.8@v5 | |
| 701 | 0 | @a阎峻峰@9yan jun feng@4著 |
| 801 | 0 | @aCN@b人天书店@c20160216 |
| 905 | @b875302-07@dG639.712.8@e1177@f6 | |
| 完美的计划:用一年申请美国高中/阎峻峰著.-北京:社会科学文献出版社,2016.03 |
| 222页:图;24cm |
| 使用对象:广大学生及家长 |
| ISBN 978-7-5097-8584-3:CNY32.00 |
| 本书主要内容包括:决定高申、考试准备、SSAT培训、渐入佳境、首考TOEFL、准备赴美、夏令营生活、初考SSAT、再考TOEFL、美国面试、最后冲刺、填写表格和拿到Offer以后共十三章。 |
| ● |
| 相关链接 |
|
|
|
|
正题名:完美的计划
索取号:G639.712.8/1177
 
预约/预借
| 序号 | 登录号 | 条形码 | 馆藏地/架位号 | 状态 | 备注 |
| 1 | 875302 | 208753026 | 第一样本阅览室/ [索取号:G639.712.8/1177] | 在馆 | |
| 2 | 875303 | 208753035 | 教育系资料室/ [索取号:G639.712.8/1177] | 在馆 | |
| 3 | 875304 | 208753044 | 教育系资料室/ [索取号:G639.712.8/1177] | 在馆 | |
| 4 | 875305 | 208753053 | 教育系资料室/ [索取号:G639.712.8/1177] | 在馆 | |
| 5 | 875306 | 208753062 | 第四借阅区/ [索取号:G639.712.8/1177] | 在馆 | |
| 6 | 875307 | 208753071 | 第四借阅区/ [索取号:G639.712.8/1177] | 在馆 |